00506nam a2200193 a 4500001001300000003000900013005001700022008004100039020001000080082001300090100001600103245007300119260003100192300000800223500003500231505001700266650001300283700001600296nice12345678IN_TiNIC20260116013007.0050524s1966 amra grp 000 0 urd  ac10000a294bKHA aKhanna, K L aRoohani Tareeqb S Radha Swamy Satguru Saheban Ki Taleem Ki Bina Par aAmritsarbK L Khannac1966 a20p aincludes index and biblioraphy2 aPart 1 and 2 aHinduism1 aKhanna, K L